Educación y familia.
Gespeichert in:
| Format: | Buch |
|---|---|
| Sprache: | Spanisch |
| Veröffentlicht: |
Buenos Aires, Argentina
Universidad Católica Argentina
1985
|
| Schriftenreihe: | Cursos de Cultura Católica
|
| Schlagworte: | |
| Tags: |
Tag hinzufügen
Keine Tags, Fügen Sie den ersten Tag hinzu!
|
MARC
| LEADER | 00000nam a2200000 a 4500 | ||
|---|---|---|---|
| 001 | UCR2220 | ||
| 003 | CL-VaPUC | ||
| 005 | 20220427074712.0 | ||
| 008 | 980109e19850000AG |||||||||||||||||spa|d | ||
| 999 | |c 265478 |d 265476 | ||
| 040 | |c Pontificia Universidad Católica de Valparaíso | ||
| 082 | 0 | 4 | |a 261.835 EDU 1985 |2 21 |
| 245 | 1 | 0 | |a Educación y familia. |
| 260 | 0 | 3 | |a Buenos Aires, Argentina |b Universidad Católica Argentina |c 1985 |
| 300 | |a 267 páginas. | ||
| 490 | 0 | |a Cursos de Cultura Católica | |
| 583 | |a last modification |c 19980109 00:00:00 |k Rodrigo Vera | ||
| 650 | 0 | |a Medios de comunicación |9 257206 | |
| 650 | 0 | |a Feminismo |9 259085 | |
| 650 | 0 | |a Aborto |9 256680 | |
| 650 | 0 | |a Patria potestad |9 369365 | |
| 650 | 0 | |a Derecho de familia |9 255603 | |
| 942 | |c BK |2 ddc | ||
| 945 | |d 19980109 00:00:00 |a rleighto | ||
| 952 | |0 0 |1 0 |2 ddc |4 0 |6 261_835000000000000_EDU_1985 |7 0 |8 A |9 296421 |a BIBTEO |b BIBTEO |d 2019-11-20 |i 3372812 |o 261.835 EDU 1985 |p 3372812 |r 2025-01-17 |t 1 |w 2019-11-20 |y BK |k ICR | ||